| 000 | 00466nam a2200193Ia 4500 | ||
|---|---|---|---|
| 008 | 210210b2013 xxu||||| |||| 00| 0 eng d | ||
| 020 | _a9789350320426 | ||
| 041 | _aeng | ||
| 082 | _a155.4 JOSC | ||
| 100 | _aJOSHI (Shridhar) | ||
| 245 | _aChild development | ||
| 260 |
_aJaipur _bShree Niwas Publications _c2013 |
||
| 300 | _av,280 | ||
| 650 | _adevelopment | ||
| 650 | _aChild | ||
| 690 | _aChild Psychology | ||
| 700 | _aJOSHI (Parth) | ||
| 906 | _a067791 | ||
| 999 |
_c151995 _d151995 |
||